[Event "Omsk-ch"]
[Site "Omsk"]
[Date "2010.02.25"]
[Round "4"]
[White "Dobronravov, Oleg"]
[Black "Dergatchov, Alexander"]
[Result "1-0"]
[WhiteElo "2117"]
[BlackElo "2032"]
[PlyCount "39"]
[EventDate "2010.02.20"]
[EventType "swiss"]
[EventRounds "11"]
[EventCountry "RUS"]
[SourceTitle "CBM 135 Extra"]
[Source "ChessBase"]
[SourceDate "2010.05.04"]
[SourceVersion "1"]
[SourceVersionDate "2010.05.04"]
[SourceQuality "1"]

1. d4 d5 2. c4 dxc4 3. e4 Nf6 4. Nc3 e5 5. d5 Bc5 6. Bxc4 0-0 7. Nf3 Bg4 8. 0-0 a6 9. h3 Bh5 10. a3 Nbd7 11. Qe2 Ne8 12. Be3 Nd6 13. Bd3 Qe7 14. b4 Bd4 15. Rac1 Rac8 16. g4 Bxe3 17. Qxe3 Bg6 18. Ne2 h5 19. Ng3 hxg4 20. hxg4 1-0

[Event "Omsk-ch op"]
[Site "Omsk"]
[Date "2009.02.23"]
[Round "9"]
[White "Savostjanov, Igor"]
[Black "Dobronravov, Oleg"]
[Result "1/2-1/2"]
[WhiteElo "2120"]
[BlackElo "2118"]
[PlyCount "110"]
[EventDate "2009.02.12"]
[EventType "swiss"]
[EventRounds "11"]
[EventCountry "RUS"]
[SourceTitle "CBM 129 Extra"]
[Source "ChessBase"]
[SourceDate "2009.05.05"]
[SourceVersion "2"]
[SourceVersionDate "2009.05.20"]
[SourceQuality "1"]

1. f4 d5 2. Nf3 Nf6 3. e3 Bf5 4. Nc3 e6 5. Be2 c5 6. d4 Nc6 7. Ne5 a6 8. Bf3 Nb4 9. Nd3 Nxd3+ 10. cxd3 cxd4 11. Qa4+ b5 12. Qxd4 Qa5 13. e4 dxe4 14. dxe4 Rd8 15. Qe3 Bg4 16. Bd2 b4 17. Nd1 Bc5 18. Qe2 Bxf3 19. gxf3 0-0 20. Ne3 Bd4 21. a3 Qh5 22. Bxb4 Qh4+ 23. Kf1 Rfe8 24. f5 Nh5 25. Be1 Qh3+ 26. Qg2 Qxg2+ 27. Nxg2 exf5 28. exf5 Bxb2 29. Ra2 Bf6 30. Re2 Be5 31. Re4 Bb2 32. Bb4 Rxe4 33. fxe4 Rd1+ 34. Ne1 Ra1 35. Ke2 Bxa3 36. Bc3 Rb1 37. Rf1 Bb2 38. Bd2 Be5 39. Nf3 Rxf1 40. Kxf1 Bf4 41. Bc3 Nf6 42. Bxf6 gxf6 43. Ke2 Kf8 44. Kd3 Ke7 45. Kc4 Kd6 46. h3 Be5 47. Ne1 Kc6 48. Nd3 Bd6 49. Nb2 a5 50. Na4 Bb4 51. Nb2 Kd6 52. Nd3 Bd2 53. Kb5 Bc3 54. Kc4 Bb4 55. Kb5 Bd2 1/2-1/2

[Event "Omsk-ch op"]
[Site "Omsk"]
[Date "2009.02.18"]
[Round "5"]
[White "Pinigin, Vladimir"]
[Black "Dobronravov, Oleg"]
[Result "1/2-1/2"]
[WhiteElo "2064"]
[BlackElo "2118"]
[PlyCount "32"]
[EventDate "2009.02.12"]
[EventType "swiss"]
[EventRounds "11"]
[EventCountry "RUS"]
[SourceTitle "CBM 129 Extra"]
[Source "ChessBase"]
[SourceDate "2009.05.05"]
[SourceVersion "2"]
[SourceVersionDate "2009.05.20"]
[SourceQuality "1"]

1. Nf3 d5 2. c4 c6 3. b3 Bf5 4. g3 Nf6 5. Bg2 h6 6. 0-0 e6 7. Bb2 Bc5 8. d4 Bd6 9. Nc3 0-0 10. Nd2 Nbd7 11. f3 e5 12. e3 Re8 13. Re1 Bf8 14. a3 a6 15. b4 b5 16. cxd5 cxd5 1/2-1/2

[Event "Omsk op"]
[Site "Omsk"]
[Date "2008.12.04"]
[Round "5"]
[White "Dobronravov, Oleg"]
[Black "Uliashev, Alexander"]
[Result "1-0"]
[WhiteElo "2110"]
[BlackElo "1945"]
[PlyCount "29"]
[EventDate "2008.11.23"]
[EventType "swiss"]
[EventRounds "9"]
[EventCountry "RUS"]
[SourceTitle "CBM 127 Extra"]
[Source "ChessBase"]
[SourceDate "2009.01.08"]
[SourceVersion "2"]
[SourceVersionDate "2009.01.28"]
[SourceQuality "1"]

1. Nf3 Nf6 2. c4 g6 3. Nc3 d5 4. Qa4+ c6 5. cxd5 Nxd5 6. Qd4 Nf6 7. Qxd8+ Kxd8 8. d4 Nd5 9. Bd2 Nd7 10. e4 Nxc3 11. Bxc3 Bg7 12. Bc4 f6 13. a4 a5 14. 0-0 Nb6 15. Bb3 1-0

[Event "Omsk op"]
[Site "Omsk"]
[Date "2008.11.29"]
[Round "3"]
[White "Dobronravov, Oleg"]
[Black "Artemiev, Vladislav"]
[Result "0-1"]
[WhiteElo "2110"]
[BlackElo "2046"]
[PlyCount "74"]
[EventDate "2008.11.23"]
[EventType "swiss"]
[EventRounds "9"]
[EventCountry "RUS"]
[SourceTitle "CBM 127 Extra"]
[Source "ChessBase"]
[SourceDate "2009.01.08"]
[SourceVersion "2"]
[SourceVersionDate "2009.01.28"]
[SourceQuality "1"]

1. d4 d5 2. Nf3 Bf5 3. c4 e6 4. cxd5 exd5 5. Qb3 Nc6 6. Bd2 Rb8 7. Nc3 Be6 8. Bg5 Be7 9. Bxe7 Ngxe7 10. e3 0-0 11. Bd3 Ng6 12. 0-0 Nce7 13. Qc2 Bg4 14. Nd2 Re8 15. f3 Bc8 16. Rae1 Nf8 17. b4 c6 18. Nb3 Qd6 19. a3 Qf6 20. e4 Be6 21. e5 Qh6 22. f4 g6 23. Kh1 Nf5 24. Qf2 Ne7 25. Qf3 Qh4 26. g3 Qh3 27. Rg1 Bg4 28. Qf2 Ne6 29. Be2 Nf5 30. Bxg4 Qxg4 31. Nd1 h5 32. Ne3 Nxe3 33. Rxe3 Ng7 34. Qf1 Nf5 35. Rd3 Nh6 36. h3 Qf5 37. Qf3 Qxh3# 0-1

[Event "Omsk City-ch"]
[Site "Omsk"]
[Date "2008.02.11"]
[Round "10"]
[White "Chagasov, Oleg"]
[Black "Dobronravov, Oleg"]
[Result "1/2-1/2"]
[WhiteElo "1946"]
[BlackElo "2098"]
[PlyCount "59"]
[EventDate "2008.02.06"]
[EventType "swiss"]
[EventRounds "11"]
[EventCountry "RUS"]
[SourceTitle "EXT 2009"]
[Source "ChessBase"]
[SourceDate "2008.11.26"]
[SourceVersion "1"]
[SourceVersionDate "2008.11.26"]
[SourceQuality "1"]

1. d4 d5 2. Nf3 Nf6 3. Bf4 c5 4. e3 Nc6 5. Nbd2 Qb6 6. dxc5 Qxb2 7. c4 e6 8. cxd5 exd5 9. Bd6 Bxd6 10. cxd6 0-0 11. Be2 Qa3 12. 0-0 Qxd6 13. Qb3 Qe7 14. Bb5 Bd7 15. a4 a6 16. Bxc6 bxc6 17. Rfb1 Qd6 18. Qa3 Qxa3 19. Rxa3 c5 20. Ne5 Bf5 21. Rb6 Rfe8 22. Nc6 Re6 23. Rb8+ Rxb8 24. Nxb8 a5 25. Rb3 c4 26. Rb5 Re8 27. Na6 Bd7 28. Rxa5 Ra8 29. e4 c3 30. Nb3 1/2-1/2